Milujte královnu [historický román o královně a císařovně Marii Terezii]

Bibliographic Details
Main Author: Hykisch, Anton, 1932-2024 (Author)
Other Authors: Králíček, Václav (prekladateľ) (Translator)
Format: Book
Language:Czech
Slovak
PhysicalDescription:589 s. 21 cm
Published: Brno Host 2017
ISBN:9788075771247
Edition:1. vyd.
Subjects:

MARC

LEADER 00000nam a2200000 a 4500
001 vtls011716835
003 SK-MaSNL
005 20260301044125.0
008 240318s2017 xr g 000 fdcze
015 |a SNBZSA2017 
020 |a 9788075771247  |q (viazané) 
035 |a 5F11D2BF-9FC8-4286-9ED7-CB58FFA298BD 
035 |a urn:nbn:sk:snk-am3ibq7 
035 |a urn:nbn:sk:snk-am00e17q 
040 |a SNK  |b slo  |c SNK  |e AACR2 
041 1 |a cze  |h slo 
043 |a e-au---  |a e------ 
044 |a xr  |c CZ 
072 7 |a 821.162.4-3  |x Slovenská próza  |2 konspekt 
072 7 |a 929  |x Biografie  |2 konspekt 
080 |a 929.731  |2 2011 
080 |a 94(436)  |2 2011 
080 |a 94(4)  |2 2011 
080 |a 821.162.4-31  |2 2011 
080 |a (0:82-311.6)  |2 2011 
080 |a 821-312.6  |2 2011 
080 |a (0:82-312.6)  |2 2011 
100 1 |a Hykisch, Anton,  |d 1932-2024  |4 aut  |9 99016 
240 1 0 |a Milujte kráľovnú  |l Česky 
245 1 0 |a Milujte královnu  |b [historický román o královně a císařovně Marii Terezii]  |c Anton Hykisch ; [ze slovenského originálu ... přeložil Václav Králíček] 
250 |a 1. vyd. 
260 |a Brno  |b Host  |c 2017 
300 |a 589 s.  |c 21 cm 
500 |a Údaje o podnázve získané z obalu 
600 1 7 |a Mária Terézia,  |c česká a uhorská kráľovna, cisárovná, manželka Františka Štefana I., rímskonemeckého cisára,  |d 1717-1780  |2 SNKMA  |9 124055 
648 7 |a 1717-1780  |2 SNKPH  |9 350043 
648 7 |a 18. stor.  |2 SNKPH  |9 283423 
648 7 |a 18th century  |2 SNKPHeng  |9 305753 
650 0 7 |a panovníci  |2 SNKPH  |9 4132 
650 0 7 |a Kings and rulers  |2 SNKPHeng  |9 283065 
651 7 |a Rakúsko  |x dejiny  |2 SNKPH  |9 66145 
651 7 |a Austria  |x history  |2 SNKPHeng  |9 310556 
651 7 |a Európa  |2 SNKPH  |9 167569 
651 7 |a Europe History  |2 SNKPHeng  |9 171722 
655 7 |a slovenské romány  |2 SNKPH  |9 70324 
655 7 |a historické romány  |2 SNKPH  |9 70253 
655 7 |a biografické romány  |2 SNKPH  |9 1532 
655 7 |a Slovak fiction  |2 SNKPHeng  |9 277096 
655 7 |a Historical novels  |2 SNKPHeng  |9 276887 
655 7 |a Biographical novels  |2 SNKPHeng  |9 278552 
700 1 |a Králíček, Václav  |c (prekladateľ)  |4 trl  |9 61511 
919 |a 978-80-7577-124-7 
958 |a TL 
958 |a ZS 
958 |a OP 
958 |a BX 
958 |a AT 
999 |c 595255  |d 597185 
952 |a SNK  |b SNK  |y PREZ  |7 0  |p 17A1303919  |o snkSC 176798  |i snk2017/24125  |8 4  |g 12.91  |0 0  |1 0  |4 0  |d 2017-10-23  |f 1  |l 0  |r 2025-09-18 00:00:00  |w 2026-02-23